000 00471nam a2200181Ia 4500
001 17761
005 20260306171541.0
008 260306s9999||||xx |||||||||||||| ||und||
041 _aESP
082 _a658.152
_bW991
100 _aWyatt Knowlton, Lisa,
_eAUT
245 4 _aThe logic model guidebook :
_bbetter strategies for great results
260 _c2013
300 _axix, 170 páginas :
_c25 cm.
650 _aGEN
654 _aCAN
942 _cLIB
_dJUS
_fJUS
_2ddc
_n
999 _c17761
_d17761